000 00597nam a2200241 a 4500
001 nice12345678
003 IN_TiNIC
005 20260116011526.0
008 071008s2006 dela grp 000 0 eng
020 _a8188869236
_c100
082 0 0 _a305.80094
_bROH
100 _aRohe, Mathias
245 _aMuslim Minorities and the Law Ineurope
260 _aDelhi
_bGlobal Media Pub
_c2006
300 _a173p
500 _aincludes index and biblioraphy
505 2 _aIndex
650 _aMinorities-Europe
700 1 _aRohe, Mathias
902 _bSRS
942 _cBK
999 _c2314
_d2314